| 000 | 00888nam a22002537a 4500 | ||
|---|---|---|---|
| 999 |
_c20115 _d20115 |
||
| 003 | AR-CdUCM | ||
| 008 | 190527b ||||| |||| 00| 0 spa d | ||
| 040 |
_aMUNICIPALIDAD PROVINCIAL DEL CUSCO _cBIBLIOTECA MUNICIPAL DEL CUSCO |
||
| 082 |
_a901.1 / _bM12 |
||
| 100 |
_aMcnall Burns, Edward _942075 |
||
| 245 |
_aCivilizaciones de occidente : _bSu historia y su cultura / |
||
| 260 |
_aArgentina : _bPeuser, _c1972. |
||
| 300 |
_a1071 páginas ; _bImágenes, fotografías _c25 cm. |
||
| 505 | _aContenido : Civilización Griega -- Periodo predinástico -- Historia política bajo el gobierno de los faraones... | ||
| 650 |
_aCivilizaciones _918217 |
||
| 650 |
_aHistoria _9136 |
||
| 650 |
_aGrecia _92521 |
||
| 650 |
_aRoma _92474 |
||
| 650 |
_aMesopotámica _942076 |
||
| 700 |
_aEchávarri, Luis _938589 |
||
| 700 |
_aMartire, Maria _942077 |
||
| 942 |
_2ddc _cLIBROS |
||
| 945 | _arcc | ||